Normal view
MARC view
Entry Personal Name
001 - CONTROL NUMBER
- control field: 8772
003 - CONTROL NUMBER IDENTIFIER
- control field: BD-RjUL
005 - DATE AND TIME OF LATEST TRANSACTION
- control field: 20230904144349.0
008 - FIXED-LENGTH DATA ELEMENTS
- fixed length control field: 230904|| aca||aabn | a|a d
040 ## - CATALOGING SOURCE
- Original cataloging agency: BD-RjUL
- Transcribing agency: BD-RjUL
100 ## - HEADING--PERSONAL NAME
- Personal name: Haque, Md. Enamul, Supervisor
670 ## - SOURCE DATA FOUND
- Source citation: Work cat.: (BD-RjUL)81846: Rahman, Md. Munsur 7329, Effects of sex, Residential Environment and Educational Institution on the Development of Self-Concept in Higher Secondary Level Students of Bangladesh /, 2022